000 00225nam a22000857a 4500
008 170606b xxu||||| |||| 00| 0 eng d
100 _93293
_aSinglal. V
245 _aFrom Land to Sea
260 _aNew Delhi
_bNational Book trust
_c2004
999 _c6610
_d6610